000
00341nam a2200157Ia 4500
100
_a
Norton/P./ Socha/J.
250
_a
3
942
_c
BK
654
_a
Computer
245
_a
Assembly Language for the PC
260
_b
Prentice Hall
_a
New Delhi
_c
1996
082
_a
5.265
_b
SOC/NOR
300
_a
644
546
_a
ENGLISH
999
_c
27694
_d
27694